00973nam a2200265Ia 450000500170000000800410001702000150005808200160007310000200008924501590010925000390026830000420030749000200034950400270036965000370039665000260043365000400045965000280049970000230052726400340055033600270058433700330061133800280064404000350067220220317000649.0160601s2005 ag a g 000 0 spa  a950124508X04a303.3bN37e1 aNirenberg, Olga10aEvaluar para la transformación binnovaciones en la evaluación de programas y proyectos sociales cOlga Nirenberg ; Josette Brawerman ; Violeta Ruíz a1a. edición b2a. reimpresión  a224 páginasbilustraciones c21 cm  aTramas Sociales aIncluye bibliografía142LEMBaEvaluación de proyectos 142LEMBaTrabajo social 142LEMBaSociología xMetodología 142LEMB aGrupos sociales 1 aBrawerman, Josette aBuenos Aires bPaidósc2005 atextobtxt2rdacontent asin mediaciónbn2rdamedia avolumenbnc2rdacarrier aCO-BoRNBPbspaerdacCO-BoRNBP